000 01292nas a2200313 4500
001 BR8707078
003 BR-BrBNA
005 20231205090909.0
007 ta
008 230509b bl.|||p| |||| 00| 00por d
040 _aBR-BrBNA
_bpor
_cBiblioteca Nacional de Agricultura
041 _a(Pt)
072 _aL70
100 1 _aCastro Junior, J.F.C.
100 1 _aSilva Filho, A.P.F.
100 1 _aJobim, G.O.
100 1 _aBarth, P.A.
100 1 _aMello, J.R.B.
100 1 _aMartins, J.M.
245 1 _aEfeito da administracao de eter Gliceril guaiacolico, associado a Thionembutal no hematocrito, dosagem de hemoglobina e concentracao de homoglobina corpuscular media em equinos submetidos a tranquilizacao previa com maleato de acetilpromazina
246 1 _aEffect of administration of glyceril guaiacolic ether, associated to thionembutal, on hematocrit dosage of hemoglobin and concentration of middle corpuscular hemoglobin in equines submitted to previous tranquilization with maleatus of acetylpromazine
650 _aEQUINO
650 _aANESTESIA
650 _aETER
650 _aCIRURGIA
773 0 _tHora Veterinaria (Brazil)
_xISSN 0101-9163
_g(Mar-Apr 1987), v. 6(36) p. 21-23
_wBR8707078
909 _a202311
_bLúcia
_c55
_dLúcia Elande
942 _2AGRIS
_n0
_cANA
999 _c121513
_d121513